| 000 | 00399nam a22001577a 4500 | ||
|---|---|---|---|
| 999 |
_c3082 _d3039 |
||
| 008 | 190314b ||||| |||| 00| | eng d | ||
| 020 | _a9750700376 | ||
| 041 | _atur | ||
| 050 | _aPL248.E73 | ||
| 100 |
_9935 _aEray, Nazlı |
||
| 245 | _a Ayışığı Sofrası : Roman | ||
| 260 |
_aİstanbul: _bCan Yayınları, _c2000 |
||
| 300 | _a190 Sayfa | ||
| 650 | 0 |
_9145 _aTürk Edebiyatı |
|
| 942 |
_2lcc _cBK |
||